Linguistics: (Record no. 174078)
[ view plain ]
| 000 -LEADER | |
|---|---|
| fixed length control field | 00740nam a22002537a 4500 |
| 005 - DATE AND TIME OF LATEST TRANSACTION | |
| control field | 20200317111326.0 |
| 010 ## - LCCN (DPL NO) | |
| LC control number | ENG-128069 |
| 020 ## - INTERNATIONAL STANDARD BOOK NUMBER | |
| International Standard Book Number | 9789388028752 |
| Terms of availability | 795.00 |
| 035 ## - SYSTEM CONTROL NUMBER | |
| System control number | EN-111601 |
| 037 ## - SOURCE OF ACQUISITION | |
| Source of stock number/acquisition | DBAD/PUB |
| 082 ## - DEWEY DECIMAL CLASSIFICATION NUMBER | |
| Classification number | 410 |
| 100 ## - MAIN ENTRY--PERSONAL NAME | |
| Personal name | Akmajian,Adrian |
| 245 ## - TITLE STATEMENT | |
| Title | Linguistics: |
| Statement of responsibility, etc | by Adrian Akmajian...[et al]. |
| Remainder of title | an introduction to language and communication |
| 250 ## - EDITION STATEMENT | |
| Edition statement | 7th. |
| 260 ## - PUBLICATION, DISTRIBUTION, ETC. (IMPRINT) | |
| Place of publication, distribution, etc | Delhi |
| Name of publisher, distributor, etc | PHI Learning |
| Date of publication, distribution, etc | 2019 |
| 270 ## - ADDRESS | |
| Address | 111,Patparganj Industrial Estate |
| City | Delhi |
| Postal code | 110092 |
| 300 ## - PHYSICAL DESCRIPTION | |
| Extent | xiv;553p. |
| Dimensions | 24cm(pbk) |
| 500 ## - GENERAL NOTE | |
| General note | includes index<br/> |
| 700 ## - ADDED ENTRY--PERSONAL NAME | |
| Personal name | Farmer,Ann K |
| 700 ## - ADDED ENTRY--PERSONAL NAME | |
| Personal name | Bickmore, Lee |
| 700 ## - ADDED ENTRY--PERSONAL NAME | |
| Personal name | Demers,Richard A |
| 700 ## - ADDED ENTRY--PERSONAL NAME | |
| Personal name | Harnish,Robert M |
| 942 ## - ADDED ENTRY ELEMENTS (KOHA) | |
| Source of classification or shelving scheme | Dewey Decimal Classification |
| Item type | English Books |
| Classification part | 410 |
| Call number suffix | AKM |
| Withdrawn status | Lost status | Not for loan | Collection code | Home library | Current library | Date acquired | Source of acquisition | Cost, normal purchase price | Full call number | Barcode | Copy number | Cost, replacement price | Koha item type |
|---|---|---|---|---|---|---|---|---|---|---|---|---|---|
| Non-fiction | Central Library | Central Library | 17/03/2020 | DBAD/PUB | 795.00 | 410 AKM | EN-111601 | 1 | 795.00 | English Books |
